00989cam a2200241 a 450000100100000000500170001000800410002704000300006808200200009810000300011824501030014826000680025130000310031949000310035065000330038165000730041465100400048783000380052791000320056504900090059795201240060699900170073000001345920200929163233.0840808s1969 mx a 001 0 spa  aDO-SdBNPbspacDLCdBNPHU a335.8284bD176s1 aDandler H., Jorge.93074413aEl sindicalismo campesino en Bolivia :blos cambios estructurales en ucureña /cJorge Dandler H. aMéxico, D. F. :bInstituto Indigenista Interamericano,c1969. ax, 197 p. :bil. ;c19 cm.1 aAntropología Social,v11 4aSindicalismozBolivia930745 4aTrabajadores agrícolasxSindicatos de trabajadoreszBolivia930746 4aBoliviaxCondiciones Rurales930747 0aAntropología Social,v11916772 aCatalogación por copia/LC aBNGR 001052708MOaGRbGRcCTd2009-11-24iLF1l0o335.8284 D176sp13459-10r2020-06-25w2020-06-25y2ZPréstamo interno c13084d13084